000
00290nam a22001337a 4500
008
171009b xxu||||| |||| 00| 0 eng d
020
_a
2900071106428
041
_a
eng
080
_2
6TH
_a
159.9
100
_a
49
101
_a
PSI
245
_a
SPORT PSYCHOLOGY
_c
COX.R.H
942
_2
udc
_c
BK
999
_c
32448
_d
32448